| 000 | 01431cam a22003977a 4500 | ||
|---|---|---|---|
| 003 | CHAP | ||
| 005 | 20220329142334.0 | ||
| 008 | 000816d2000 mx r 00110 spa d | ||
| 010 | _a81986 | ||
| 011 | _a82958 | ||
| 035 | _a93466 | ||
| 040 | _cCHAP | ||
| 090 | _aTesis | ||
| 100 | 0 | 0 |
_aMartínez Linares, Edmundo. _972212 |
| 245 | 1 | 0 |
_aRespuesta de los cereales a diferntes ambientes en los Valles Altos de México _c/por Edmundo Martínez Linares |
| 260 |
_aChapingo, Méx. : _bEl autor, _c2000. |
||
| 300 |
_a70 h. : _bgráfs. |
||
| 502 | _aTesis (Ing. Agr. Esp. en Fitotecnia) -- UACH. Departamento de Fitotecnia | ||
| 590 |
_aALEPH _b10 _c20130110 _lUCH01 _h1437 |
||
| 590 |
_aBATCH-UPD _b10 _c20130110 _lUCH01 _h0355 |
||
| 590 |
_aBATCH-UPD _b10 _c20130110 _lUCH01 _h1852 |
||
| 590 |
_aBATCH-UPD _b10 _c20130410 _lUCH01 _h0029 |
||
| 590 |
_aBATCH-UPD _b10 _c20130913 _lUCH01 _h1929 |
||
| 590 |
_aCONVERSION _b10 _c20130109 _lUCH01 _h1345 |
||
| 650 | 1 | 4 |
_aAdaptación vegetal. _9880 |
| 650 | 1 | 4 |
_aAvena _xEfecto del medio ambiente. _98516 |
| 650 | 1 | 4 |
_aAvena _xEfecto del medio ambiente. _98516 |
| 650 | 1 | 4 |
_aCebada _xEfecto del medio ambiente. _920673 |
| 650 | 1 | 4 |
_aCereales. _921370 |
| 650 | 1 | 4 |
_aTrigo _xEfecto del medio ambiente. _9115015 |
| 901 | _aBK | ||
| 905 | _aBlanca M. García O. | ||
| 942 | _cFOLL | ||
| 949 |
_bBC _cTES _d33724000787271 _eTS2 _fc.2 _h36881 _i93466 _si |
||
| 949 |
_bBC _cTES _d934661 _eTS1 _h36880 _i93466 _sb |
||
| 999 |
_c81986 _d81986 |
||